Land vs. Land #22 - Statistiken

Allgemein
  • Dieses Quiz wurde 41 mal gespielt
  • Das Durchschnittsergebnis liegt bei 9 aus 14
Antwortstatistiken
Frage Antwort % Korrekt
...Fläche? Tadschikistan🇹🇯
97%
...Militär? Tadschikistan🇹🇯
92%
...Exportmengen? Tadschikistan🇹🇯
92%
..Einwohner? Tadschikistan🇹🇯
89%
...Bruttoinlandsprodukt? Tadschikistan🇹🇯
74%
...Frieden? Osttimor🇹🇱
71%
...Gewinner? Tadschikistan🇹🇯
66%
...Bruttoinlandsprodukt pro Kopf? Osttimor🇹🇱
63%
...Gesundheitswesen? Tadschikistan🇹🇯
63%
...HDI (Human Development Index)? Tadschikistan🇹🇯
58%
...durchschnittlicher IQ? Tadschikistan🇹🇯
50%
...Tourismus? Tadschikistan🇹🇯
45%
...Lebenserwartung? Tadschikistan🇹🇯
45%
...Happy Planet Index? Tadschikistan🇹🇯
24%
Keine übereinstimmenden Quizze gefunden
Verteilung der Resultate
Anzahl Personen mit jedem Resultat
Perzentil nach korrekt beantworteten Fragen
Ihre Resultats-Entwicklung
Sie haben dieses Quiz noch nicht gespielt